LEADER 01302nam a2200301 i 4500 001 000000143183 003 CaOOAMICUS 005 20050923000000.0 008 050923s2004 it u000 u ita u 013 $a118541 020 $a88-8358-797-9 040 $aSeMil$bita 100 1 $aChimirri, Giovanni,$d<1959- >.$0(OLS)http://semarc/name/3866 245 10$aPsicologia del corpo :$bmaterialità, spiritualità e moralità dell'uomo /$cGiovanni Chimirri. 260 $aRoma :$bArmando,$c2004. 300 $a190 p. ;$c22 cm. 490 0 $aScaffale aperto ;$v. 500 $aContiene : Bibliografia. 650 4$aCorpo e spirito.$0(OLS)http://semarc/subject/14050 650 4$aMente e corpo - Aspetti filosofici.$0(OLS)http://semarc/subject/18712 650 4$aCorpo - Psicologia.$0(OLS)http://semarc/subject/28162 830 0$aScaffale aperto ;$v.$0(OLS)http://semarc/title/6049 850 $aSeMil 852 $aSeMil$W1$xVenegono$y1$m2O IV 57$j96310$B96310$CSeMilBibl$Z2$F103397 $81 961 $aLascito: Scanziani don Federico 996 $6020$a88-8358-797-9$9(OLS)http://semarc/number/131606 996 $6245$aPsicologia del corpo :$bmaterialità, spiritualità e moralità dell'uomo$9(OLS)http://semarc/title/209549 996 $6260$aRoma :$bArmando$9(OLS)http://semarc/publisher/29857 LEADER 00707nab a2200157 i 4500 001 000000308716 003 CaOOAMICUS 005 20180831172940.0 008 180831n it uu u0 0ita r 013 $a17729 040 $aSeMil$bita 100 1 $aCoda, Piero,$d<1955- >.$0(OLS)http://semarc/name/325 245 13$aLa testimonianza della carità :$bil Convegno Ecclesiale di Palermo (1995) 650 4$aPalermo - 3. Convegno Ecclesiale <1995>.$0(OLS)http://semarc/subject/20065 773 0 $tTestimoni di Gesù Risorto, speranza del mondo. - Titolo principale dalla copertina.$gp.221-242$w()264872 996 $6245$aLa testimonianza della carità :$bil Convegno Ecclesiale di Palermo (1995)$9(OLS)http://semarc/title/383932